Pokémon Names that are English Words - Statistics

General Stats
  • This quiz has been taken 25 times
  • The average score is 6 of 17
Answer Stats
Pokémon Name % Correct
Mew
70%
Haunter
65%
Seel
65%
Electrode
60%
Gloom
55%
Ditto
50%
Golem
45%
Jynx
35%
Oddish
35%
Slowpoke
30%
Magneton
25%
Persian
25%
Klang
15%
Scyther
10%
Slaking
10%
Scraggy
5%
Litten
0%
No matching quizzes found
Score Distribution
Percent of People with Each Score
Percentile by Number Answered
Your Score History
You have not taken this quiz